000
00294nam a22001337a 4500
008
170220b xxu||||| |||| 00| 0 eng d
020
_a
9780763815356
041
_a
eng
080
_2
2ND
_a
615
100
_a
5
101
_a
SHF
245
_a
PHARMACY PRACTICE
_c
BALLINGTON, D.A
942
_2
udc
_c
BK
999
_c
5796
_d
5796